Incremento rentabilidad de la producción industrial CCSS por medio de la creación de un parque industrial productor de insumos para la seguridad social: anteproyecto /

Salvato in:
Dettagli Bibliografici
Autore principale: De Ford Atmetlla, Douglas
Altri autori: Lizano Sáenz, Miguel
Natura: testo
Pubblicazione: San José: CCSS. Departamento de Producción Industrial
Tags: Aggiungi Tag
Nessun Tag, puoi essere il primo ad aggiungerne!!

MARC

LEADER 00000 a a2200000 04500
001 13946
003
040
090 |a 024200  
100 |a De Ford Atmetlla, Douglas  
245 |a Incremento rentabilidad de la producción industrial CCSS por medio de la creación de un parque industrial productor de insumos para la seguridad social: anteproyecto /  |c Douglas De Ford Atmetlla 
260 |a San José:   |b CCSS. Departamento de Producción Industrial  
300 |a 8, 191 p.  
700 |a Lizano Sáenz, Miguel  
999 |c 12368  |d 12368